00998cam a22002411 4500001001300000003000400013005001700017008004100034010001700075035001900092040004100111050002500152111008700177245009900264260004900363300003200412500007200444500010700516650003100623650004600654710003900700999001700739l 40000147 DLC20260227111537.0800708s1940 dcu f100 0 eng c al 40000147  a(OCoLC)6495170 aU.S. Dept. of labor. Libr.cOCldDLC00aHV741b.W67 1939-40b2 aWhite House Conference on Children in a Democracyd(1939-1940 :cWashington, D.C.)10aRecommendations of the White House conference on children in a democracy, January 18-20, 1940. a[Washington,bU.S. Govt. print. off.,c1940] a1 p. l., 26, [2] p.c26 cm. aIssued by the Children's bureau, United States Department of labor. a"These recommendations are included in the General report adopted by the Conference January 19, 1940." 0aChild welfarevCongresses. 0aChildrenxHealth and hygienevCongresses.1 aUnited States.bChildren's Bureau. c36338d36338